000 00364nam a22001217a 4500
008 180314b xxu||||| |||| 00| 0 eng d
041 _aeng
080 _a621
100 _a26
101 _amec
245 _apreliminary deisgn for using solar energy in the drying process at the gold kists soy facility decatur alabama
_cbrown.t
942 _2udc
_cBK
999 _c44950
_d44950